Základy jazykovědy

Saved in:
Bibliographic Details
Main Author: Erhart, Adolf
Format: Book
Language:Czech
Published: Praha Státní pedagogické nakladatelství 1990
Edition:2. uprav. vyd.
Series:Učebnice pro vysoké školy
Tags: Add Tag
No Tags, Be the first to tag this record!

MARC

LEADER 00000nam a2200000 4500
001 c040921
005 20221215121049.0
041 0 |a cze 
044 |a CZ 
245 1 0 |a Základy jazykovědy  |c Adolf Erhart 
250 |a 2. uprav. vyd. 
264 1 |a Praha  |b Státní pedagogické nakladatelství  |c 1990 
300 |a 198 s. 
490 1 |a Učebnice pro vysoké školy 
830 0 |a Učebnice pro vysoké školy 
100 1 |a Erhart, Adolf